San Vicente de Paul: biografía y selección de escritos

Guardat en:
Dades bibliogràfiques
Autors principals: Herrera, José (Autor), Pardo, Veremundo (Autor)
Format: Llibre
Idioma:espanyol
Publicat: Madrid Biblioteca de Autores Cristianos 1950
Col·lecció:Biblioteca de Autores Cristianos
Matèries:
Etiquetes: Afegir etiqueta
Sense etiquetes, Sigues el primer a etiquetar aquest registre!

MARC

LEADER 00000nam a2200000 a 4500
001 UCL5740
003 CL-VaPUC
008 040319e19500000SP |||||||||||||||||spa|d
082 0 4 |a 282.092  |b HER  |2 21 
100 |a Herrera, José  |e author  |9 483429 
700 0 |a Pardo, Veremundo  |e author  |9 483430 
245 1 0 |a San Vicente de Paul: biografía y selección de escritos 
300 |a 907 p 
942 |c BK 
945 |d 20040319 00:00:00  |a vberengu 
260 |a Madrid  |b Biblioteca de Autores Cristianos  |c 1950 
600 0 7 |a SAN VICENTE DE PAUL 1581-1660  |2 CL-VaPUC  |9 483431 
650 0 |a Vida y obra  |9 311871 
650 7 |a SACERDOTES FRANCESES  |2 CL-VaPUC  |9 483432 
583 |a last modification  |c 20040319 00:00:00  |k Rodrigo Vera 
490 0 |a Biblioteca de Autores Cristianos 
999 |c 308169  |d 308167 
952 |0 0  |1 0  |4 0  |6 282_092000000000000_HER_1950  |7 0  |8 A  |9 374450  |a BIBTEO  |b BIBTEO  |d 2019-11-21  |i 2106566  |o 282.092 HER 1950  |p 2106566  |r 2024-01-18  |w 2019-11-21  |y BK  |k ICR